000 00440nam a2200133Ia 4500
008 100328s9999 xx 000 0 und d
082 _b35984
100 _aपुंडलिक रमेश
245 _aआपले शरीर स्वास्थ
260 _bचंद्रमौळी
630 _aआपले शरीर स्वास्थ
730 _aआपले शरीर स्वास्थ
942 _cBOOK
999 _c525734
_d525731